000 01322cam a22003617a 4500
003 CHAP
005 20220329133851.0
008 971013s1980 r 00010 d
010 _a11991
011 _a12963
035 _a17033
040 _cCHAP
090 _aTesis
100 0 0 _aGaxiola Valle, José de Jesús.
_947328
245 0 _aProyecto de recuperación de suelos salino-sódicos en el Distrito de Riego No. 43 estado de Nayarit mediante aplicación de mejoradores químicos y lavados con agua
260 _aMéxico, D.F. :
_bEl autor,
_c1980
300 _a61 h.
_b: apénd.
502 _aTesis (Ing. Químico) -- UNAM. Facultad de Química
590 _aALEPH
_b10
_c20130110
_lUCH01
_h1230
590 _aBATCH-UPD
_b10
_c20130110
_lUCH01
_h0132
590 _aBATCH-UPD
_b10
_c20130110
_lUCH01
_h1431
590 _aBATCH-UPD
_b10
_c20130409
_lUCH01
_h2128
590 _aBATCH-UPD
_b10
_c20130410
_lUCH01
_h0908
590 _aBATCH-UPD
_b10
_c20130914
_lUCH01
_h1208
590 _aCONVERSION
_b10
_c20130109
_lUCH01
_h1308
650 1 4 _aDistrito de Riego del Estado de Nayarit (Río Santiago)
_932879
650 1 4 _aSuelos salinos.
_9110558
650 1 4 _aSuelos
_xLixiviación.
_9110420
650 1 4 _aTierras
_xRecuperación de.
_9113120
901 _aBK
942 _cTESIS
949 _bBC
_cTES
_d-40537
_eTS1
_i17033
_si
999 _c11991
_d11991